000 00451nam a2200181Ia 4500
005 20240823034814.0
008 240823s9999||||xx |||||||||||||| ||und||
041 _aENGLISH
082 _A004.681 N2
100 _a"Timothoi,Macdonald"
245 0 _aILLustrated Novell Netware 2.X/3.X Software
250 _a1st
260 _c1992
_b"BPB,New Delhi"
500 _aYES
650 _aNetware
_bComputer Applications
942 _cBK
999 _c199166
_d199166